000 00493nam a22001577a 4500
008 161118b xxu||||| |||| 00| 0 eng d
020 _a9780073511399
050 _a HB171.5
_b.S35 2011
100 _aSchiller, Bradley R., 1943-
245 _aEssentials of economics /
_cBradley R. Schiller
250 _a 8th ed
260 _a New York :
_bMcGraw-Hill/Irwin,
_c2011
300 _a300 xxxii, 383 p. :|bill. (some col.) ;|c28 cm
500 _aIncludes index
942 _2lcc
_cBK
999 _c47352
_d47352